000 00629nam a2200181 a 4500
001 000046072
005 20201002052623.0
008 150617s2012 dr 000 0 spa d
020 _a9789945481143
040 _aDO-SdBNP
_bspa
_cBNPHU
100 1 _aMinaya Nolasco, Blas
_d1971-
_974143
245 1 0 _aHabeas data :
_bgarantía constitucional de protección de datos /
_cBlas Minaya Nolasco.
260 _aSanto Domingo, :
_bCentenario,
_c2012.
300 _a174 p. ;
_c23 cm.
500 _aIncluye notas a pie de página
504 _aBibliografía p: 167-174
500 _aIncluye datos biografícos del autor en la contracubierta
999 _c45561
_d45561